Furgón de cola

Uloženo v:
Podrobná bibliografie
Hlavní autor: Aguirre Bellver, Joaquín
Médium: Kniha
Jazyk:Spanish
Vydáno: Madrid, España Editora Nacional 1969
Témata:
Tagy: Přidat tag
Žádné tagy, Buďte první, kdo vytvoří štítek k tomuto záznamu!

MARC

LEADER 00000nam a2200000Ia 4500
008 170316s9999 xx 000 0 spa d
999 |c 9482  |d 9482 
040 |a cru BVZT 
090 |a 862 A-5f 
100 |a Aguirre Bellver, Joaquín 
245 |a Furgón de cola 
260 |a Madrid, España 
260 |b Editora Nacional 
260 |c 1969 
300 |a 161 páginas 
650 |a LITERATURA ESPAÑOLA  |9 23 
650 |a CUENTOS  |9 271 
942 |c 15 D  |h 862 A-5f  |2 z